000
00460nam a2200169Ia 4500
008
090711s9999 xx 000 0 und d
082
_b
40716
100
_a
गोगटे शकुंतला
245
_a
अभिमान
260
_c
1979
300
_a
84
600
_a
गोगटे शकुंतला
630
_a
अभिमान
700
_a
गोगटे शकुंतला
730
_a
अभिमान
942
_c
BOOK
999
_c
300197
_d
300197